Zakladanie stavieb a podzemné stavby

Salvato in:
Dettagli Bibliografici
Autori principali: Hulman, Rudolf (Autore), Klepsatel, František, 1935- (Autore)
Natura: Libro
Lingua:slovacco
Pubblicazione: Bratislava : SVŠT v Bratislave, 1987
Tags: Aggiungi Tag
Nessun Tag, puoi essere il primo ad aggiungerne!!

MARC

LEADER 00000nam a22000003a 4500
001 stu61582
005 20180813064130.8
008 011105s1987----cs------------------slo-d
040 |a STU  |b slo 
041 0 |a slo 
044 |a cs 
080 |a 69.035.4(075.8) 
080 |a 624.15(075.8)  |7 stu_us_auth*stu4092 
100 1 |a Hulman, Rudolf  |4 aut 
245 1 |a Zakladanie stavieb a podzemné stavby 
260 |a Bratislava :  |b SVŠT v Bratislave,  |c 1987 
300 |a 380 s 
700 1 |a Klepsatel, František,  |d 1935-  |4 aut  |u V150  |U SvF Stavebná fakulta  |T SvF Katedra geotechniky  |X 843  |U V150  |Y 15  |7 A000000843 
996 |b 284V030976  |c V*26936/S-87  |l VVS  |s A  |a 24  |w stu61582_0001 
996 |b 284V018523  |c V*26934/S-87  |l VVS  |s A  |a 24  |w stu61582_0002 
996 |b 284V023406  |c V*34787/O-14357  |l VVT  |s A  |a 24  |w stu61582_0003 
996 |b 284V023407  |c V*34788/O-14357a  |l VVT  |s A  |a 24  |w stu61582_0004 
996 |b 284V018533  |c V* 43729/S-18  |l VVS  |s A  |a 24  |w stu61582_0005